Animals of the high mountains / (Record no. 605)

MARC details
000 -LEADER
fixed length control field 01014cam a2200301 a 4500
005 - DATE AND TIME OF LATEST TRANSACTION
control field 20260322212027.0
008 - FIXED-LENGTH DATA ELEMENTS--GENERAL INFORMATION
fixed length control field data
010 ## - LIBRARY OF CONGRESS CONTROL NUMBER
LC control number 89012817
020 ## - INTERNATIONAL STANDARD BOOK NUMBER
International Standard Book Number 0870447718 :
Terms of availability {dollar}10.95
020 ## - INTERNATIONAL STANDARD BOOK NUMBER
International Standard Book Number 0870447769 (lib. bdg.) :
Terms of availability {dollar}12.95
020 ## - INTERNATIONAL STANDARD BOOK NUMBER
International Standard Book Number 9780870447716 :
Terms of availability {dollar}10.95
020 ## - INTERNATIONAL STANDARD BOOK NUMBER
International Standard Book Number 9780870447761 (lib. bdg.) :
Terms of availability {dollar}12.95
040 ## - CATALOGING SOURCE
Original cataloging agency DLC
Transcribing agency DLC
Modifying agency DLC
042 ## - AUTHENTICATION CODE
Authentication code lcac
050 00 - LIBRARY OF CONGRESS CALL NUMBER
Classification number QL113
Item number .R56 1989
082 00 - DEWEY DECIMAL CLASSIFICATION NUMBER
Classification number 599.0909/43
Edition information 20
092 ## - LOCALLY ASSIGNED DEWEY CALL NUMBER (OCLC)
Classification number 599.09 R56 1989
001 - CONTROL NUMBER
control field data
100 1# - MAIN ENTRY--PERSONAL NAME
Personal name Rinard, Judith E.
245 10 - TITLE STATEMENT
Title Animals of the high mountains /
Statement of responsibility, etc. Judith E. Rinard.
260 ## - PUBLICATION, DISTRIBUTION, ETC.
Place of publication, distribution, etc. Washington, D.C. :
Name of publisher, distributor, etc. National Geographic Society,
Date of publication, distribution, etc. c1989.
300 ## - PHYSICAL DESCRIPTION
Extent 30 [4] p. :
Other physical details col. ill. ;
Dimensions 28 cm.
440 #0 - SERIES STATEMENT/ADDED ENTRY--TITLE
Title Books for young explorers
504 ## - BIBLIOGRAPHY, ETC. NOTE
Bibliography, etc. note Bibliography: p. [34].
520 ## - SUMMARY, ETC.
Summary, etc. Depicts mountain animals from all over the world, including the mountain lion, llama, rock hyrax, and ibex.
650 #0 - SUBJECT ADDED ENTRY--TOPICAL TERM
Topical term or geographic name entry element Mountain animals
General subdivision Juvenile literature.
650 #1 - SUBJECT ADDED ENTRY--TOPICAL TERM
Topical term or geographic name entry element Mountain animals.
Holdings
Withdrawn status Lost status Damaged status Not for loan Home library Current library Shelving location Date acquired Total checkouts Full call number Barcode Date last seen Price effective from Koha item type
        Centerville Centerville General stacks 22/03/2026   599.0909/43 20 BC0010620 22/03/2026 22/03/2026 Books